000 00344nam a2200157Ia 4500
008 100122s9999 xx 000 0 und d
082 _b76809
_aB821
100 _aGASPER DEAN
245 _aTHE POEM TREE- 6
250 _a1
260 _c2002
300 _a65
630 _aTHE POEM TREE- 6
730 _aTHE POEM TREE- 6
942 _cBOOK
999 _c393652
_d393649